NBA Starting Point Guards 2012-2013 - Statistics

General Stats
  • This quiz has been taken 667 times
  • The average score is 20 of 30
Answer Stats
Hint Answer % Correct
Clippers Chris Paul
94%
Warriors Steph Curry
94%
Thunder Russel Westbrook
91%
Cavaliers Kyrie Irving
86%
Spurs Tony Parker
86%
Wizards John Wall
85%
Bobcats Kemba Walker
81%
Bulls Derrick Rose
80%
Grizzlies Mike Conley
80%
Celtics Rajon Rondo
80%
Trailblazers Damian Lillard
79%
Lakers Steve Nash
76%
Raptors Kyle Lowry
75%
Nets Derron Williams
73%
Jazz Mo Williams
73%
Heat Mario Chalmers
71%
Timberwolves Ricky Rubio
66%
Hawks Jeff Teague
63%
76ers Jrue Holiday
63%
Rockets Jeremy Lin
59%
Nuggets Ty Lawson
58%
Pacers George Hill
56%
Bucks Brandon Jennings
54%
Suns Goran Dragic
49%
Magic Jameer Nelson
49%
Knicks Raymond Felton
41%
Pistons Brandon Knight
37%
Mavericks Darren Collison
34%
Hornets Grieves Vasquez
21%
Kings Aaron Brooks
13%
No matching quizzes found
Score Distribution
Percent of People with Each Score
Percentile by Number Answered
Your Score History
You have not taken this quiz